000 00954nam a2200241 i 4500
001 152652
003 ES-MaACL
005 20230906204830.0
008 040901s1839 fr |||| | fre d
040 _aCAM
_bspa
_cCAM
100 1 _aBrard, Cyprien Prosper.
_9126149
245 1 0 _aEntretiens sur l'industrie française /
_cpar C.P. Brard.
260 _aParis :
_bchez Pitois-Levrault et C. ;
_aStrasbourg :
_bVe Levrault,
_c1839.
300 _aVI, 144 p. ;
_c14 cm.
490 1 _aMaitre Pierre ou Le savant de village
490 1 _aBibliothèque de l'instruction populaire ;
_v3
598 _aSegunda serie tomada de BN Opale-Plus.
740 0 _aMaitre Pierre ou Le savant de village.
830 0 _aMaitre Pierre ou Le savant de village
_9187710
830 0 _aBibliothèque de l'instruction populaire ;
_v3
_9187711
852 _aES-MaACL
_jD-5206(3)
_z-- Enc. hol.
_x-- Edic.: en el lomo consta : Instruction populaire
999 _c152652
_d152652